000 00834cam a2200253 a 4500
005 20180803170200.0
008 890504s1991 ec a r 00010 spa d
040 _ala
_cla
041 0 _aspa
043 _as-ec---
082 0 4 _a635.974
_bM53l
100 _aGuillermo Paz - Mimo C.
_940010
245 0 0 _aLianas utilizadas por los indigenas Siona-Secoya de la Amazonia del Ecuador
_cGuillermo Paz y Mimo C.
250 _aEditor Patricio Mena.
260 _aQuito :
_bEcociencia,
_c1991.
300 _a40 p. :
_bil. ;
_c22 cm.
650 _aPlantas trepadoras
_x Investigaciones
_z Ecuador.
_940011
650 6 _aIndigenas de Ecuador
_x Vida social y costumbres.
_940012
650 6 _aSiona-Secoya.
_940013
650 6 _aLianas
_993956
700 1 _aMena, Patricio,
_eed.
_928020
942 _2ddc
_cLIBRO
949 _an
_bn
999 _c17820
_d17820